000 00911nmm a2200277 a 4500
001 ocm000700959
003 TR-IsHL
005 20201028135522.0
008 131209s1995 tu tur
007 cr cn
035 _a700959
_b(N$T)
050 0 4 _aHG3751.5
_b.O94 1995
090 0 4 _aHG3751.5
_b.O94 1995
245 1 0 _aÖzel sektörün faydalanabileceği kredi türleri
_h[electronic resource] /
_chaz. A. Suha Alacaklıoğlu
260 _aİstanbul :
_bİstanbul Ticaret Odası,
_c1995
300 _a34 p.
650 4 _aEkonomi ve Finans
650 4 _aEconomics and Finance
650 0 _aKredi
650 0 _aCredit
650 0 _aBankalar ve bankacılık
650 0 _aBanks and banking
650 7 _aBUSINESS & ECONOMICS / Banks & Banking
_2bisacsh
700 1 _aAlacaklıoğlu, A. Suha
856 4 0 _uhttp://search.ebscohost.com/login.aspx?direct=true&scope=site&db=e011xww&AN=700959
999 _c6786
_d6786